000 00559nam a2200229Ia 4500
003 OSt
005 20221005113921.0
006 a|||||r|||| 00| 0
007 ta
008 221004b |||||||| |||| 00| 0 kan d
024 _a59859
037 _cTextual
040 _aCRL
_cCRL
_bkan
041 _2kan
_akan
082 _aO33,1:g, K6
100 _aSivaramaiah Au.
_9625155
245 0 _aAlankare sastre
260 _c1966
650 _aKANNAD POETRY
942 _hO33,1:g, K6
_cTEXL
_2cc
999 _c1029730
_d1029730